Valtiot, joissa on eniten näiden kielten äidinkielisiä puhujia - Statistics

Yleistilastot
  • Tätä visaa on pelattu 86 kertaa
  • Keskiarvotulos 16 / 24
Vastaustilastot
Kieli Valtio % Oikein
ranska Ranska
100%
englanti Yhdysvallat
100%
hindi Intia
97%
tanska Tanska
97%
portugali Brasilia
94%
hollanti Alankomaat
87%
espanja Meksiko
84%
heprea Israel
80%
romani Romania
79%
persia Iran
73%
kurdi Turkki
70%
māori Uusi-Seelanti
70%
arabia Egypti
61%
baski Espanja
61%
bengali Bangladesh
60%
jaava Indonesia
60%
zulu Etelä-Afrikka
59%
tataari Venäjä
54%
khmer Kambodža
51%
tagalog Filippiinit
46%
retoromaani Sveitsi
46%
igbo Nigeria
39%
pandžabi Pakistan
36%
sinhali Sri Lanka
24%
Ehtoja vastaavia visoja ei löytynyt
Tulosjakauma
Jokaisen tuloksen saaneiden osuus
Persentiili vastausten määrän mukaan
Tuloshistoriasi
Et ole pelannut tätä visaa